| 000 | 01063nam a22002657a 4500 | ||
|---|---|---|---|
| 005 | 20170124102932.0 | ||
| 010 | _a778473 | ||
| 020 | _c40.00 | ||
| 035 | _a778473 | ||
| 037 | _bCen Lib/Ret | ||
| 040 |
_aDPL _bHN |
||
| 082 |
_a821.085 _bवसन्ता |
||
| 100 |
_aवसन्ता, एस. _945531 |
||
| 245 |
_aआधुनिक हिन्दी कविता में दुरुहता / _cएस.वसन्ता |
||
| 246 |
_aAdhunik hindiu kavita men duroohta / _bby S. Vasanta |
||
| 260 |
_aदिल्ली _bवाणी प्रकाशन _c1975 |
||
| 270 |
_a31 एफ., कमला नगर _bदिल्ली _e110007 |
||
| 300 |
_a320पृ. _c21सेमी (सजिल्द) |
||
| 500 | _aग्रन्थ सूची शामिल | ||
| 650 |
_aहिन्दी साहित्य _945532 |
||
| 650 |
_aआधुनिक काव्य _9779 |
||
| 650 |
_aHindi literature _945533 |
||
| 650 |
_aModern Poetry _942922 |
||
| 942 |
_2ddc _cHN _h821.08 _mवसन्ता |
||
| 999 |
_c112024 _d112024 |
||